Normal view MARC view

Entry AUTORIDADES PERSONAS

Number of records used in: 1

001 - NÚMERO DE CONTROL

  • campo de control: 435

003 - CONTROL

  • campo de control: AR-BaSMT

005 - FECHA Y HORA DE LA ÚLTIMA TRANSACCIÓN

  • campo de control: 20260325094117.0

008 - ELEMENTOS LONGITUD FÍSICA

  • campo de control de longitud fija: 260325nn aznnnaabn a aba d

040 ## - FUENTE DE CATALOGACIÓN

  • Agencia que cataloga: AR-BaSMT
  • Idioma de catalogación: spa
  • Norma: RDA

100 1# - ENCABEZAMIENTO-NOMBRE DE PERSONA

  • Nombre de persona: Bonafine, Estefania
  • Títulos y otros términos asociados al nombre: Autor

375 ## - GÉNERO/SEXO

  • Masculino, femenino, desconocido, intersexo, … : Femenino

377 ## - IDIOMA ASOCIADO

  • Código (spa) : spa
  • Lengua (español) : español

400 0# - TRAZADO DE VÉASE--NOMBRE DE PERSONA

  • Nombre de persona: Estefania Bonafine

670 ## - FUENTE DE DATOS ENCONTRADOS

  • Cita de la fuente: Cuentos de amor y amistad, 2018
  • Donde se localiza la información: port. (Estefanía Bonafine)

675 ## - FUENTE DE DATOS NO ENCONTRADOS

  • Url + fecha : https://viaf.org/es/viaf/search?field=local%2CpersonalNames&index=VIAF&searchTerms=bonafine%2C+estefania 25/03/2026
  • nombre de la fuente : Viaf

Powered by Koha